000 00469nam a2200181Ia 4500
003 LK-CoDNM
005 20240119141729.0
008 010623t1926 xxu||||| |||| 00| 1 sin d
040 _aLK-CoDNM
_dLK-CoDNM
_eLK-CoDNM
041 _asin
080 _a104
_bK 4
100 _aWijayasiriwardhana
245 _aමල්වර ශාස්ත්‍රය
246 _aMalvara Shaastraya
260 _bBastian Co.
_aColombo
_c1926
300 _b14p, 21 cm
942 _cBK
999 _c93580
_d93580